02247nam a2200517 i 4500003000900000005001700009008004100026020001800067040004100085082002800126100003800154245009800192246005200290264005800342264001000400300004500410336002600455337002800481338002700509504005200536650003700588650004700625650004100672650003100713650003300744650006200777650006300839650005300902650005500955650004501010650003501055650003701090650004301127650004401170650003401214650003601248650005001284651007501334651006401409651005901473653002101532655001701553942001201570999001701582952013001599EG-ScBUE20230625123109.0160421t2016 ctua f b f001 0 eng d z9780300215632 aNhCcYBPbengerdacNhCcYBPdEG-ScBUE04222a909.0974927082bFRA1 aFraihat, Ibrahim,eauthor.94047710aUnfinished revolutions :bYemen, Libya, and Tunisia after the Arab Spring /cIbrahim Fraihat.30aYemen, Libya, and Tunisia after the Arab Spring 1aNew Haven ;aLondon :bYale University Press,c[2016] 1cc2016 axvi, 287 pages :billustrations ;c24 cm 2rdacontentatextbtxt 2rdamediaaunmediatedbn 2rdacarrieravolumebnc aIncludes bibliographical references and index.  7aArab Spring, 2010-2BUEsh938992 7aRevolutionszArab countries.2BUEsh940478 7aRevolutionszYemen (Republic)2BUEsh 7aRevolutionszLibya.2BUEsh 7aRevolutionszTunisia.2BUEsh 7aReconciliationxPolitical aspectszArab countries.2BUEsh 7aReconciliationxPolitical aspectszYemen (Republic)2BUEsh 7aReconciliationxPolitical aspectszLibya.2BUEsh 7aReconciliationxPolitical aspectszTunisia.2BUEsh 7aDemocratizationzYemen (Republic)2BUEsh 7aDemocratizationzLibya.2BUEsh 7aDemocratizationzTunisia.2BUEsh 7aPeace-buildingzArab countries.2BUEsh 7aPeace-buildingzYemen (Republic)2BUEsh 7aPeace-buildingzLibya.2BUEsh 7aPeace-buildingzTunisia.2BUEsh 7911822aDemocratizationzArab countries2BUEsh 7aYemen (Republic)xPolitics and governmenty21st century.2BUEsh932285 7aLibyaxPolitics and governmenty21st century.2BUEsh929815 7aTunisiaxPolitics and governmenty21st century.2BUEsh bLLAAWWcJuly2016 vReading book 2ddccBB c22044d22016 00102ddc40708Donation-GaMAINbMAINc2NDd2016-07-27eDonationl0o909.0974927082 FRAp000033000r2025-07-15 00:00:00yBB